Groupes de deux - Athlétisme - Statistiques

Statistiques générales
  • Ce quiz a été pris 20 fois
  • Le résultat moyen est 8 sur 12
Statistiques - réponses
Groupe Éléments % Correct
Pays dominants du sprint États-Unis
100%
Pays dominants du sprint Jamaïque
100%
Épreuves combinées en extérieur Décathlon
83%
Épreuves de saut vertical Saut à la perche
83%
Épreuves de saut vertical Saut en hauteur
83%
Épreuves combinées en extérieur Heptathlon
78%
Épreuves avec haies (hommes) 110m haies
72%
Épreuves avec haies (hommes) 400m haies
72%
Épreuves relais 4x100m
72%
Épreuves relais 4x400m
72%
Auteurs du mouvement de protestation aux JO de 1968 à Mexico John Carlos
11%
Auteurs du mouvement de protestation aux JO de 1968 à Mexico Tommie Smith
11%
Aucun quiz correspondant
Distribution des résultats
% des personnes avec chaque résultat
Percentile par nombre de réponses
Votre historique - résultats
Vous n’avez pas pris ce quiz